[Event "North Devon Open 2nd"]
[Site "Woolacombe"]
[Date "1972.10.22"]
[Round "4"]
[White "Rigby, J"]
[Black "Emanuel, D"]
[Result "0-1"]
[WhiteElo "1845"]
[BlackElo "1800"]
[PlyCount "96"]
[EventDate "1972.10.20"]
[EventType "swiss"]
[EventRounds "5"]
[EventCountry "ENG"]
[SourceTitle "BritBase"]
[Source "John Saunders"]
[SourceDate "2000.01.01"]
[SourceVersion "1"]
[SourceVersionDate "2000.01.01"]
[SourceQuality "1"]

1. c4 Nf6 2. Nc3 e6 3. d4 Bb4 4. Bg5 c5 5. Qb3 Bxc3+ 6. Qxc3 Nc6 7. dxc5 Ne4 8. Bxd8 Nxc3 9. Bc7 Ne4 10. Bd6 Nb4 11. Rc1 Nxa2 12. Ra1 Nb4 13. Rc1 b6 14. Be5 f6 15. Bc3 Na2 16. Ra1 Naxc3 17. cxb6 Nd1 18. Rxd1 axb6 19. f3 Nc5 20. e4 Ke7 21. Ne2 Ba6 22. Nc3 Nb3 23. Be2 Rhc8 24. Na4 Rab8 25. O-O Bxc4 26. Bxc4 Rxc4 27. Nc3 b5 28. Rd3 Nc5 29. Rd2 b4 30. Na2 Nb3 31. Rd3 Ra8 32. Rxb3 Rxa2 33. Rd1 Rc2 34. Rbd3 Raxb2 35. Rxd7+ Kf8 36. h4 Rxg2+ 37. Kf1 Rbf2+ 38. Ke1 Rxf3 39. Rd8+ Kf7 40. R1d7+ Kg6 41. Rg8 Kh5 42. Rh8 h6 43. Rb8 b3 44. Rb5+ e5 45. Rd2 Re3+ 46. Re2 Rexe2+ 47. Kf1 b2 48. Rxe5+ Kxh4 0-1

[Event "North Devon Open 2nd"]
[Site "Woolacombe"]
[Date "1972.10.22"]
[Round "4"]
[White "Thynne, Trefor F"]
[Black "Biddick, Edwin Ian Samuel"]
[Result "1-0"]
[WhiteElo "1950"]
[BlackElo "1900"]
[PlyCount "55"]
[EventDate "1972.10.20"]
[EventType "swiss"]
[EventRounds "5"]
[EventCountry "ENG"]
[SourceTitle "BritBase"]
[Source "John Saunders"]
[SourceDate "2000.01.01"]
[SourceVersion "1"]
[SourceVersionDate "2000.01.01"]
[SourceQuality "1"]

1. e4 c5 2. f4 d6 3. Nf3 Nf6 4. Nc3 Nc6 5. Bb5 Bd7 6. O-O g6 7. d3 Bg7 8. h3 O-O 9. Be3 Qc7 10. Ne2 Rac8 11. g4 h5 12. g5 Nh7 13. Kh2 f5 14. gxf6 Rxf6 15. Nh4 e6 16. Rg1 Ne7 17. Bxd7 Qxd7 18. Qd2 Nf8 19. Rg2 Bh6 20. Rag1 Kh7 21. Qc3 e5 22. fxe5 dxe5 23. Bxh6 Kxh6 24. Qxe5 Qd6 25. Qxd6 Rxd6 26. Rf1 g5 27. Nf3 Ne6 28. Ne5 (28. Ne5 Nd8 29. Rfg1) 1-0

[Event "North Devon Open 2nd"]
[Site "Woolacombe"]
[Date "1972.10.22"]
[Round "5"]
[White "Basman, Michael John"]
[Black "Damant, Charles Ambrose S"]
[Result "1-0"]
[WhiteElo "2325"]
[BlackElo "1900"]
[PlyCount "95"]
[EventDate "1972.10.20"]
[EventType "swiss"]
[EventRounds "5"]
[EventCountry "ENG"]
[SourceTitle "BritBase"]
[Source "John Saunders"]
[SourceDate "2000.01.01"]
[SourceVersion "1"]
[SourceVersionDate "2000.01.01"]
[SourceQuality "1"]

1. e4 e5 2. f4 exf4 3. Qe2 Nc6 4. c3 d6 5. d4 Be7 6. Bxf4 Bg5 7. g3 Bxf4 8. gxf4 Qh4+ 9. Qf2 Qxf2+ 10. Kxf2 Nf6 11. Nd2 O-O 12. Bd3 Nh5 13. Ne2 Bg4 14. Rhf1 f6 15. Ke3 g6 16. Ng3 Ng7 17. Kf2 Bh3 18. Rfe1 g5 19. fxg5 fxg5+ 20. Kg1 Rae8 21. Bf1 Bxf1 22. Rxf1 Rxf1+ 23. Rxf1 Rf8 24. Rxf8+ Kxf8 25. Kf2 Kf7 26. Ke3 Kg6 27. b4 a6 28. a3 h5 29. h3 h4 30. Ne2 Nh5 31. Nf3 Nf6 32. c4 Kh5 33. e5 dxe5 34. dxe5 Ne8 35. Ke4 Kg6 36. Nc3 Ne7 37. Nd4 Kh5 38. Nf5 Ng8 39. Kf3 Nh6 40. Nxh6 Kxh6 41. Kg4 Ng7 42. Ne4 Ne6 43. Kf5 Ng7+ 44. Kf6 Nh5+ 45. Kf7 Ng3 46. Nf6 Nf5 47. Ng4+ Kh7 48. e6 {Source: Basman scoresheet (https://michael-basman-legacy.github.io/scoresheets/1972/Hexagon%20North%20Devon%20Congress%2020-10-72.pdf)} 1-0

[Event "North Devon Open 2nd"]
[Site "Woolacombe"]
[Date "1972.10.22"]
[Round "5"]
[White "Berry, Stephen H"]
[Black "Murphy, Ross C"]
[Result "1-0"]
[WhiteElo "2160"]
[BlackElo "1740"]
[PlyCount "57"]
[EventDate "1972.10.20"]
[EventType "swiss"]
[EventRounds "5"]
[EventCountry "ENG"]
[SourceTitle "BritBase"]
[Source "John Saunders"]
[SourceDate "2000.01.01"]
[SourceVersion "1"]
[SourceVersionDate "2000.01.01"]
[SourceQuality "1"]

1. e4 c5 2. Nc3 Nc6 3. f4 e6 4. Nf3 d5 5. Bb5 Nf6 6. e5 Nd7 7. O-O Be7 8. d3 Qc7 9. Qe1 a6 10. Bxc6 Qxc6 11. a4 b6 12. Qg3 g6 13. f5 exf5 14. Bg5 Bxg5 15. Qxg5 h6 16. Qh4 d4 17. Ne2 Bb7 18. Rf2 f6 19. e6 Qxe6 20. Nf4 Qf7 21. Re1+ Ne5 22. Nxe5 fxe5 23. Rxe5+ Kd7 24. Rfe2 g5 25. Qe1 Rae8 26. Ne6 Bc6 27. a5 b5 28. Nxc5+ Kc7 29. Re7+ 1-0

[Event "North Devon Open 2nd"]
[Site "Woolacombe"]
[Date "1972.10.22"]
[Round "5"]
[White "Binks, Michael E"]
[Black "Blackstock, Leslie Steven F"]
[Result "1/2-1/2"]
[WhiteElo "2135"]
[BlackElo "2200"]
[PlyCount "127"]
[EventDate "1972.10.20"]
[EventType "swiss"]
[EventRounds "5"]
[EventCountry "ENG"]
[SourceTitle "BritBase"]
[Source "John Saunders"]
[SourceDate "2000.01.01"]
[SourceVersion "1"]
[SourceVersionDate "2000.01.01"]
[SourceQuality "1"]

1. d4 Nf6 2. Nf3 g6 3. g3 Bg7 4. Bg2 O-O 5. O-O d6 6. c4 c6 7. Nc3 Bf5 8. Nh4 Be6 9. b3 d5 10. Qd3 Na6 11. a3 Qd7 12. Bb2 Rfd8 13. c5 Nc7 14. Nf3 Bf5 15. Qd1 Ne4 16. e3 Nxc3 17. Bxc3 Rf8 18. Nh4 Bh3 19. Bxh3 Qxh3 20. f4 Ne8 21. Nf3 Nf6 22. Qe2 Ne4 23. Be1 f6 24. Nd2 Nxd2 25. Qxd2 e5 26. Bf2 Rae8 27. Rae1 Qf5 28. fxe5 fxe5 29. e4 dxe4 30. d5 cxd5 31. Qxd5+ Qf7 32. Qxf7+ Rxf7 33. Rxe4 Rd8 34. Rfe1 Rd3 35. R4e3 Rd2 36. R1e2 Rd1+ 37. Kg2 Rc7 38. b4 Kf7 39. g4 Ke6 40. Bg3 Rd5 41. Be1 a5 42. Bc3 Rc6 43. Rh3 h6 44. Bd2 axb4 45. axb4 Rd4 46. Rg3 Rc4 47. Bc3 b6 48. cxb6 Rxb6 49. h3 Rb5 50. Rge3 Rc6 51. Ra2 Bf6 52. Rae2 Rd6 53. Re4 Rdd5 54. Rc4 Be7 55. Ra2 Bd6 56. Ra6 Rd3 57. Rc5 Rxc5 58. bxc5 Rxc3 59. Rxd6+ Kf7 60. c6 h5 61. g5 h4 62. Rf6+ Kg7 63. Rd6 Kf7 64. Rf6+ 1/2-1/2

[Event "North Devon Open 2nd"]
[Site "Woolacombe"]
[Date "1972.10.22"]
[Round "5"]
[White "Brisk, M"]
[Black "Gilbert, Colin"]
[Result "1/2-1/2"]
[WhiteElo "1640"]
[BlackElo "2080"]
[PlyCount "78"]
[EventDate "1972.10.20"]
[EventType "swiss"]
[EventRounds "5"]
[EventCountry "ENG"]
[SourceTitle "BritBase"]
[Source "John Saunders"]
[SourceDate "2000.01.01"]
[SourceVersion "1"]
[SourceVersionDate "2000.01.01"]
[SourceQuality "1"]

1. Nf3 d5 2. c3 c5 3. g3 Nc6 4. d4 e6 5. Bg2 Nf6 6. O-O Bd6 7. Nbd2 O-O 8. Re1 cxd4 9. cxd4 b6 10. a3 Bb7 11. b4 Ne4 12. Bb2 f5 13. Nxe4 fxe4 14. Nd2 Qg5 15. e3 Rf6 16. f4 exf3 17. Nxf3 Qf5 18. Qe2 Raf8 19. Rf1 Qg4 20. Rae1 Ne7 21. b5 Nf5 22. Ne5 Qxe2 23. Rxe2 Rc8 24. Bh3 Bxe5 25. Bxf5 exf5 26. dxe5 Rff8 27. Bd4 Rc4 28. Rb2 g6 29. Rfb1 Rfc8 30. h4 h5 31. Kf2 Kf7 32. Kf3 R8c7 33. Kf4 Bc8 34. Ra1 Rc1 35. Rxc1 Rxc1 36. Kf3 Rc4 37. Rb3 Ke6 38. Rc3 Bd7 39. Rb3 Be8 1/2-1/2

[Event "North Devon Open 2nd"]
[Site "Woolacombe"]
[Date "1972.10.22"]
[Round "5"]
[White "Comben, Gordon L"]
[Black "Mann, Stephen J"]
[Result "1/2-1/2"]
[WhiteElo "2040"]
[BlackElo "2080"]
[PlyCount "35"]
[EventDate "1972.10.20"]
[EventType "swiss"]
[EventRounds "5"]
[EventCountry "ENG"]
[SourceTitle "BritBase"]
[Source "John Saunders"]
[SourceDate "2000.01.01"]
[SourceVersion "1"]
[SourceVersionDate "2000.01.01"]
[SourceQuality "1"]

1. c4 e5 2. Nc3 d6 3. g3 c6 4. Bg2 Be7 5. e4 f5 6. Nge2 Nf6 7. d4 Qc7 8. f4 O-O 9. O-O fxe4 10. Nxe4 exd4 11. Nxd4 Qb6 12. Kh1 Rd8 13. Nb3 Be6 14. Qe2 Re8 15. Ng5 Bg4 16. Bf3 Bxf3+ 17. Rxf3 Bf8 18. Re3 1/2-1/2

[Event "North Devon Open 2nd"]
[Site "Woolacombe"]
[Date "1972.10.22"]
[Round "5"]
[White "Heasman, Richard"]
[Black "Bellin, Robert"]
[Result "0-1"]
[WhiteElo "1980"]
[BlackElo "2325"]
[PlyCount "68"]
[EventDate "1972.10.20"]
[EventType "swiss"]
[EventRounds "5"]
[EventCountry "ENG"]
[SourceTitle "BritBase"]
[Source "John Saunders"]
[SourceDate "2000.01.01"]
[SourceVersion "1"]
[SourceVersionDate "2000.01.01"]
[SourceQuality "1"]

1. e4 c5 2. f4 e6 3. Nf3 d5 4. e5 Nc6 5. d4 Qb6 6. c3 cxd4 7. cxd4 Nh6 8. Nc3 Nf5 9. Bb5 h5 10. Bxc6+ bxc6 11. O-O c5 12. Na4 Qb5 13. Nxc5 Bxc5 14. dxc5 Qxc5+ 15. Rf2 O-O 16. Qd3 a5 17. Ng5 g6 18. Qh3 Bb7 19. g4 Ng7 20. Be3 d4 21. Rc1 Qd5 22. Re2 dxe3 23. Qxe3 Qh1+ 24. Kf2 Qxh2+ 25. Kf1 Ba6 26. Rce1 Rfd8 27. Qf3 Bxe2+ 28. Rxe2 Rd1+ 29. Re1 Rxe1+ 30. Kxe1 Qg1+ 31. Kd2 Rd8+ 32. Kc2 Rc8+ 33. Kd3 Qb1+ 34. Ke2 Qxb2+ 0-1

[Event "North Devon Open 2nd"]
[Site "Woolacombe"]
[Date "1972.10.22"]
[Round "5"]
[White "Hill, DM"]
[Black "Weeramantry, Sunil"]
[Result "0-1"]
[WhiteElo "1790"]
[BlackElo "2200"]
[PlyCount "56"]
[EventDate "1972.10.20"]
[EventType "swiss"]
[EventRounds "5"]
[EventCountry "ENG"]
[SourceTitle "BritBase"]
[Source "John Saunders"]
[SourceDate "2000.01.01"]
[SourceVersion "1"]
[SourceVersionDate "2000.01.01"]
[SourceQuality "1"]

1. d4 Nf6 2. c4 g6 3. Nc3 Bg7 4. e4 d6 5. Be2 O-O 6. Nf3 e5 7. d5 a5 8. a3 Na6 9. h3 Nc5 10. Qc2 Nh5 11. g4 Nf4 12. Be3 Ng2+ 13. Kd2 Nxe3 14. fxe3 a4 15. Raf1 Nb3+ 16. Ke1 Bd7 17. Bd1 Qb8 18. Qe2 Nc5 19. Rfg1 b5 20. Rg2 b4 21. axb4 Qxb4 22. Kf1 Rfb8 23. Na2 Qa5 24. Qc2 Rb3 25. Qb1 Rxe3 26. Nc3 a3 27. b4 Qa6 28. bxc5 Qxc4+ 0-1

[Event "North Devon Open 2nd"]
[Site "Woolacombe"]
[Date "1972.10.22"]
[Round "5"]
[White "Holloway, Nigel John"]
[Black "Patterson, MG"]
[Result "1-0"]
[WhiteElo "2260"]
[BlackElo "1800"]
[PlyCount "71"]
[EventDate "1972.10.20"]
[EventType "swiss"]
[EventRounds "5"]
[EventCountry "ENG"]
[SourceTitle "BritBase"]
[Source "John Saunders"]
[SourceDate "2000.01.01"]
[SourceVersion "1"]
[SourceVersionDate "2000.01.01"]
[SourceQuality "1"]

1. c4 c5 2. Nf3 Nc6 3. Nc3 Nf6 4. g3 g6 5. Bg2 Bg7 6. O-O O-O 7. d4 cxd4 8. Nxd4 a6 9. c5 Qc7 10. h3 d6 11. cxd6 exd6 12. Bf4 Rd8 13. Bg5 Be6 14. Nxe6 fxe6 15. Ne4 Nxe4 16. Bxd8 Rxd8 17. Bxe4 Bxb2 18. Rb1 Bf6 19. Bg2 d5 20. e4 d4 21. Qb3 Rd6 22. Qxb7 Qxb7 23. Rxb7 d3 24. Rb6 Be5 25. Rxa6 Nb4 26. Rxd6 Bxd6 27. Rd1 Nxa2 28. Rxd3 Be7 29. Rd7 Kf7 30. f4 Nc3 31. e5 Ke8 32. Rb7 Ne2+ 33. Kf2 Nd4 34. Be4 Kf7 35. h4 Nf5 36. Bxf5 1-0

[Event "North Devon Open 2nd"]
[Site "Woolacombe"]
[Date "1972.10.22"]
[Round "5"]
[White "Jarrett, David C"]
[Black "Griffiths, Peter Charles"]
[Result "0-1"]
[WhiteElo "2005"]
[BlackElo "2230"]
[PlyCount "62"]
[EventDate "1972.10.20"]
[EventType "swiss"]
[EventRounds "5"]
[EventCountry "ENG"]
[SourceTitle "BritBase"]
[Source "John Saunders"]
[SourceDate "2000.01.01"]
[SourceVersion "1"]
[SourceVersionDate "2000.01.01"]
[SourceQuality "1"]

1. e4 e5 2. Nf3 Nc6 3. Bb5 a6 4. Bxc6 dxc6 5. O-O Bg4 6. h3 Bh5 7. d3 f6 8. Be3 Bd6 9. Nbd2 Ne7 10. c3 c5 11. Qc2 Bf7 12. a3 O-O 13. Nh4 Qd7 14. Nc4 Rad8 15. Rad1 g5 16. Nf3 Bh5 17. d4 Bxf3 18. dxc5 Bxd1 19. Rxd1 Qe6 20. cxd6 cxd6 21. Nb6 Kg7 22. Qe2 d5 23. exd5 Nxd5 24. Nxd5 Rxd5 25. Rxd5 Qxd5 26. Qg4 Rd8 27. Kh2 Qd7 28. Qe4 h6 29. h4 Qd5 30. Qf5 Qf7 31. Qe4 Re8 0-1

[Event "North Devon Open 2nd"]
[Site "Woolacombe"]
[Date "1972.10.22"]
[Round "5"]
[White "Krimer, G"]
[Black "Fisher, JW"]
[Result "0-1"]
[WhiteElo "1640"]
[BlackElo "1790"]
[PlyCount "58"]
[EventDate "1972.10.20"]
[EventType "swiss"]
[EventRounds "5"]
[EventCountry "ENG"]
[SourceTitle "BritBase"]
[Source "John Saunders"]
[SourceDate "2000.01.01"]
[SourceVersion "1"]
[SourceVersionDate "2000.01.01"]
[SourceQuality "1"]

1. Nc3 e5 2. e4 Nf6 3. Bc4 Nc6 4. d3 h6 5. f4 exf4 6. Bxf4 d6 7. Nf3 Be7 8. O-O Bg4 9. h3 Bxf3 10. Qxf3 Ne5 11. Bxe5 dxe5 12. Qg3 Qd4+ 13. Kh1 O-O 14. Rf5 Kh8 15. Qxe5 Qxe5 16. Rxe5 Bd6 17. Rf5 a6 18. e5 b5 19. Bb3 b4 20. Ne2 Rae8 21. d4 c5 22. exd6 Rxe2 23. dxc5 Ne4 24. Rd5 Rd8 25. a3 bxa3 26. Rxa3 f5 27. Rxa6 f4 28. Ra7 Re1+ 29. Kh2 Ng3 0-1

[Event "North Devon Open 2nd"]
[Site "Woolacombe"]
[Date "1972.10.22"]
[Round "5"]
[White "Ludgate, NR"]
[Black "Barden, Leonard William"]
[Result "0-1"]
[WhiteElo "1880"]
[BlackElo "2400"]
[PlyCount "82"]
[EventDate "1972.10.20"]
[EventType "swiss"]
[EventRounds "5"]
[EventCountry "ENG"]
[SourceTitle "BritBase"]
[Source "John Saunders"]
[SourceDate "2000.01.01"]
[SourceVersion "1"]
[SourceVersionDate "2000.01.01"]
[SourceQuality "1"]

1. e4 c5 2. Nf3 Nc6 3. d4 cxd4 4. Nxd4 Nf6 5. Nc3 d6 6. Bb5 Bd7 7. Bg5 e6 8. O-O Be7 9. Re1 O-O 10. Bxc6 bxc6 11. Nf3 d5 12. exd5 cxd5 13. Ne5 Be8 14. Qd4 h6 15. Bh4 Qc7 16. Nd3 Rc8 17. Bg3 Qb7 18. Rac1 Rc4 19. Qe5 Bc6 20. f3 Nd7 21. Qe2 Bf6 22. Be5 Nxe5 23. Nxe5 Bxe5 24. Qxe5 Qb6+ 25. Kh1 Qxb2 26. Nxd5 Qxe5 27. Ne7+ Kh7 28. Rxe5 Ba8 29. Nf5 exf5 30. Rxf5 Kg6 31. Ra5 Rc7 32. c4 Rd8 33. h3 Rd2 34. Kg1 Bd5 35. Ra3 Rxc4 36. Rxc4 Bxc4 37. Rxa7 Rxa2 38. Rxa2 Bxa2 39. Kf2 Kf5 40. g3 Bd5 41. Ke3 g5 0-1

[Event "North Devon Open 2nd"]
[Site "Woolacombe"]
[Date "1972.10.22"]
[Round "5"]
[White "McCarthy, Moss"]
[Black "Argyris, Nicholas JC"]
[Result "0-1"]
[WhiteElo "2095"]
[BlackElo "2140"]
[PlyCount "72"]
[EventDate "1972.10.20"]
[EventType "swiss"]
[EventRounds "5"]
[EventCountry "ENG"]
[SourceTitle "BritBase"]
[Source "John Saunders"]
[SourceDate "2000.01.01"]
[SourceVersion "1"]
[SourceVersionDate "2000.01.01"]
[SourceQuality "1"]

1. e4 e5 2. Nf3 Nc6 3. d4 exd4 4. Bb5 a6 5. Ba4 Be7 6. O-O d6 7. Nxd4 Bd7 8. Bxc6 bxc6 9. c4 Nf6 10. Nc3 c5 11. Nc2 O-O 12. Ne3 Be6 13. f4 Re8 14. b3 Bf8 15. Bb2 Bd7 16. Qc2 Bc6 17. e5 dxe5 18. Rad1 Nd7 19. fxe5 Rxe5 20. Ncd5 Rg5 21. h4 Rg6 22. Qf5 Qxh4 23. Qxf7+ Kh8 24. Nf5 Qg4 25. Rd2 Bxd5 26. Qxd5 Nb6 27. Qf7 h5 28. Qxc7 Re8 29. Rdf2 Re2 30. Ne3 (30. Rxe2 Qxe2 31. Nh4 Qe3+ 32. Kh1 Rg4 33. Rxf8+ Kh7 34. Nf3) 30... Rxe3 31. Rxf8+ Kh7 32. R8f2 Re2 33. Qb7 Rxb2 34. Rxb2 Qd4+ 35. Kh1 (35. Rbf2 Nd7 36. Qf3 Nf6 37. Rd1 Qh4 38. Qf4 Ng4 39. Rf3) 35... Qxb2 36. Qe4 Qd4 0-1

[Event "North Devon Open 2nd"]
[Site "Woolacombe"]
[Date "1972.10.22"]
[Round "5"]
[White "Newman, Ralph Herbert Thoma"]
[Black "Cooper, Neill S"]
[Result "0-1"]
[WhiteElo "1815"]
[BlackElo "1830"]
[PlyCount "84"]
[EventDate "1972.10.20"]
[EventType "swiss"]
[EventRounds "5"]
[EventCountry "ENG"]
[SourceTitle "BritBase"]
[Source "John Saunders"]
[SourceDate "2000.01.01"]
[SourceVersion "1"]
[SourceVersionDate "2000.01.01"]
[SourceQuality "1"]

1. d4 Nf6 2. c4 g6 3. Nc3 d5 4. Bf4 Bg7 5. e3 O-O 6. Nf3 c5 7. Be2 Nc6 8. dxc5 Qa5 9. O-O dxc4 10. Bxc4 Qxc5 11. Qb3 Na5 12. Qb5 Qxc4 13. Qxa5 Ne4 14. Be5 b6 15. Qd5 Qxd5 16. Nxd5 e6 17. Ne7+ Kh8 18. Bxg7+ Kxg7 19. Nxc8 Raxc8 20. Rac1 Rfd8 21. Nd4 e5 22. Nc6 Rd2 23. Nxe5 Rxc1 24. Rxc1 Rxb2 25. f3 Nc5 26. a3 h5 27. e4 Ra2 28. Rc3 Kf6 29. Nc6 a5 30. h3 Ne6 31. g3 a4 32. Nb4 Ra1+ 33. Kg2 b5 34. Nc2 Ra2 35. Kg1 Rb2 36. Rc6 g5 37. f4 gxf4 38. gxf4 Kg7 39. f5 Ng5 40. e5 Nf3+ 41. Kf2 Nd4 42. Rd6 Rxc2+ 0-1

[Event "North Devon Open 2nd"]
[Site "Woolacombe"]
[Date "1972.10.22"]
[Round "5"]
[White "Osmond, MD"]
[Black "Burton, Colin G"]
[Result "1/2-1/2"]
[WhiteElo "2055"]
[BlackElo "2220"]
[PlyCount "96"]
[EventDate "1972.10.20"]
[EventType "swiss"]
[EventRounds "5"]
[EventCountry "ENG"]
[SourceTitle "BritBase"]
[Source "John Saunders"]
[SourceDate "2000.01.01"]
[SourceVersion "1"]
[SourceVersionDate "2000.01.01"]
[SourceQuality "1"]

1. d4 Nf6 2. c4 g6 3. Nc3 Bg7 4. e4 d6 5. f3 O-O 6. Be3 e5 7. dxe5 dxe5 8. Qxd8 Rxd8 9. Nd5 Nxd5 10. cxd5 c6 11. Bc4 b5 12. Bb3 Bb7 13. Bg5 Rd7 14. Rc1 h6 15. Be3 cxd5 16. Bxd5 Na6 17. Bxb7 Rxb7 18. Ke2 Nc7 19. Kf2 f5 20. Ne2 Rf8 21. exf5 gxf5 22. Rhd1 Rf7 23. Rc6 Kh7 24. Rdd6 Ne8 25. Re6 Nf6 26. Ke1 f4 27. Bc5 Nd7 28. Bb4 Rf6 29. Rxf6 Nxf6 30. Nc3 Nd7 31. Ra6 Nb6 32. Bc5 b4 33. Bxb4 Nc4 34. Bc5 Nxb2 35. Kd2 Rd7+ 36. Ke2 Nc4 37. Ne4 Rb7 38. Rxa7 Rb2+ 39. Kd3 Ne3 40. Bxe3 fxe3 41. Kxe3 Rxg2 42. Nf6+ Kg6 43. Ne8 Bf8 44. Ra6+ Kf7 45. Nf6 Rg6 46. Ke4 Rxf6 47. Rxf6+ Kxf6 48. f4 exf4 1/2-1/2

[Event "North Devon Open 2nd"]
[Site "Woolacombe"]
[Date "1972.10.22"]
[Round "5"]
[White "Parr, David"]
[Black "Crombleholme, Alan K"]
[Result "1/2-1/2"]
[WhiteElo "2205"]
[BlackElo "2240"]
[PlyCount "42"]
[EventDate "1972.10.20"]
[EventType "swiss"]
[EventRounds "5"]
[EventCountry "ENG"]
[SourceTitle "BritBase"]
[Source "John Saunders"]
[SourceDate "2000.01.01"]
[SourceVersion "1"]
[SourceVersionDate "2000.01.01"]
[SourceQuality "1"]

1. e4 c5 2. Nf3 d6 3. d4 cxd4 4. Nxd4 Nf6 5. Nc3 a6 6. Bg5 e6 7. f4 Be7 8. Qf3 h6 9. Bh4 g5 10. fxg5 Nfd7 11. Nxe6 fxe6 12. Qh5+ Kf8 13. Bb5 Rh7 14. O-O+ Kg8 15. g6 Rg7 16. Rf7 Bxh4 17. Qxh6 Rxf7 18. gxf7+ Kxf7 19. Rf1+ Bf6 20. Qh7+ Ke8 21. Qg8+ Ke7 1/2-1/2

[Event "North Devon Open 2nd"]
[Site "Woolacombe"]
[Date "1972.10.22"]
[Round "5"]
[White "Smith, PJ"]
[Black "Russell, T"]
[Result "0-1"]
[WhiteElo "1750"]
[BlackElo "1860"]
[PlyCount "74"]
[EventDate "1972.10.20"]
[EventType "swiss"]
[EventRounds "5"]
[EventCountry "ENG"]
[SourceTitle "BritBase"]
[Source "John Saunders"]
[SourceDate "2000.01.01"]
[SourceVersion "1"]
[SourceVersionDate "2000.01.01"]
[SourceQuality "1"]

1. e4 e5 2. d4 exd4 3. c3 d5 4. e5 Nc6 5. cxd4 Bf5 6. a3 f6 7. Bb5 fxe5 8. dxe5 a6 9. Bxc6+ bxc6 10. Nf3 Bc5 11. O-O Ne7 12. Re1 O-O 13. b4 Bb6 14. Bb2 Bg4 15. Nbd2 Ng6 16. Qb3 Nh4 17. Nd4 Nxg2 18. Kxg2 Qg5 19. Qg3 Qxd2 20. Bc3 Rxf2+ 21. Qxf2 Qxc3 22. Qg3 Qxd4 23. Ra2 Rf8 24. e6 Bf3+ 25. Kh3 Rf6 26. Qg5 Rh6+ 27. Kg3 Rg6 28. Qxg6 hxg6 29. Kxf3 Kf8 30. e7+ Ke8 31. Rae2 Qd3+ 32. Kg2 Bd4 33. Re6 Bf6 34. Rxc6 Qd2+ 35. Kf1 Qf4+ 36. Kg2 Qg4+ 37. Kf1 Qf3+ 0-1

[Event "North Devon Open 2nd"]
[Site "Woolacombe"]
[Date "1972.10.22"]
[Round "5"]
[White "Spurgeon, Ronald E"]
[Black "Mahdavi, Mohamed R"]
[Result "1-0"]
[WhiteElo "2120"]
[BlackElo "2055"]
[PlyCount "65"]
[EventDate "1972.10.20"]
[EventType "swiss"]
[EventRounds "5"]
[EventCountry "ENG"]
[SourceTitle "BritBase"]
[Source "John Saunders"]
[SourceDate "2000.01.01"]
[SourceVersion "1"]
[SourceVersionDate "2000.01.01"]
[SourceQuality "1"]

1. e4 c5 2. Nf3 d6 3. d4 cxd4 4. Nxd4 Nf6 5. Nc3 a6 6. Bg5 e6 7. f4 Be7 8. Qf3 Qc7 9. O-O-O Nbd7 10. Bd3 O-O 11. Qh3 Nc5 12. Rhe1 b5 13. e5 Nxd3+ 14. Rxd3 dxe5 15. fxe5 Nd5 16. Bxe7 Qxe7 17. Nxd5 exd5 18. Qh5 h6 19. h4 Kh7 20. g3 Bd7 21. Qf3 Be6 22. Rg1 Rac8 23. Kb1 b4 24. Qf2 Qd7 25. Qf4 Qa4 26. b3 Qa3 27. g4 Rc5 28. Nxe6 fxe6 29. Qxf8 Ra5 30. Qf2 Qxa2+ 31. Kc1 Qa1+ 32. Kd2 Qb2 33. Qd4 1-0

[Event "North Devon Open 2nd"]
[Site "Woolacombe"]
[Date "1972.10.22"]
[Round "5"]
[White "Taylor, W Paul"]
[Black "Evans, R"]
[Result "1-0"]
[WhiteElo "1850"]
[BlackElo "1640"]
[PlyCount "51"]
[EventDate "1972.10.20"]
[EventType "swiss"]
[EventRounds "5"]
[EventCountry "ENG"]
[SourceTitle "BritBase"]
[Source "John Saunders"]
[SourceDate "2000.01.01"]
[SourceVersion "1"]
[SourceVersionDate "2000.01.01"]
[SourceQuality "1"]

1. d4 Nf6 2. c4 c5 3. d5 b5 4. cxb5 a6 5. e3 g6 6. Nc3 Bg7 7. Nf3 O-O 8. bxa6 Bxa6 9. Bxa6 Nxa6 10. O-O d6 11. Qe2 Nd7 12. e4 Qb6 13. Nd2 Nb4 14. Nc4 Qb7 15. f4 Nb6 16. Nxb6 Qxb6 17. Be3 Rfb8 18. a3 Na6 19. Rf2 Nc7 20. Raf1 Bxc3 21. bxc3 Rxa3 22. f5 Rxc3 23. fxg6 f6 24. Qh5 hxg6 25. Qxg6+ Kh8 26. Rf5 1-0

[Event "North Devon Open 2nd"]
[Site "Woolacombe"]
[Date "1972.10.22"]
[Round "5"]
[White "Welbourne, Stephen"]
[Black "Schofield, Kenneth Stanley"]
[Result "0-1"]
[WhiteElo "1645"]
[BlackElo "1965"]
[PlyCount "66"]
[EventDate "1972.10.20"]
[EventType "swiss"]
[EventRounds "5"]
[EventCountry "ENG"]
[SourceTitle "BritBase"]
[Source "John Saunders"]
[SourceDate "2000.01.01"]
[SourceVersion "1"]
[SourceVersionDate "2000.01.01"]
[SourceQuality "1"]

1. d4 f5 2. e4 fxe4 3. Nc3 Nf6 4. f3 e3 5. Bxe3 e6 6. Qd2 Bb4 7. a3 Bxc3 8. Qxc3 Nd5 9. Qd2 Nxe3 10. Qxe3 O-O 11. O-O-O Nc6 12. f4 b6 13. g4 Bb7 14. Bg2 Qf6 15. Ne2 Qg6 16. Rdg1 Na5 17. Bxb7 Nxb7 18. h4 c5 19. h5 Qf6 20. g5 Qf5 21. Rh4 Rac8 22. dxc5 Qxc5 23. Qxc5 Rxc5 24. Rh3 Rc4 25. Rf1 Re4 26. Kd2 d5 27. Rc3 Nd6 28. b3 Nb5 29. Re3 Rxe3 30. Kxe3 Nxa3 31. Kd3 Nb5 32. Ra1 a5 33. h6 gxh6 0-1